000 00235nam a2200097Ia 4500
008 170619s9999 xx 000 0 und d
100 _aTiwari- S D
245 0 _aMathawapurna sasna deshon kaa sangrah
260 _bGeeta Tiwari
260 _c2003
546 _aENGLISH
999 _c17185
_d17185